000 00576nam a2200217 a 4500
001 0001-2119
003 ELIB.Books
008 190724 2010 eng
020 _a0830725334
092 _a248.8
_bWri
100 _aWright, H. Norman.
245 _aCommunication
_bKey to your Marriage
260 _aCalifornia
_bA division of Gospel Light
_c2000
300 _a257
_c21.5cm
650 _aCommunication
856 _nKBTS Library
_uKBTS Elib
942 _2ddc
_cBK
990 _a1
998 _aEnglishbooks.elf
_ccat
_e2019-07-24
999 _c12119
_d12119